00523nam a2200193Ii 450000100060000000300090000600800410001502000150005604000330007104100080010408400120011210000200012424500310014426400610017530000120023633600260024833700280027433800270030219125CO-ViMGA241108s9999||||xx |||||||||||||| ||und|| a8477512132 aCO-ViMGAbspaerdacCO-ViMGA0 aspa aC CHR1h1 aAgatha Christie10aLa hora de Agatha Christie 1aMadrid, España : Editorial Planeta Internacional, 1997 avolumen atextbtxt2rdacontent aunmediatedbn2rdamedia avolumebnc2rdacarrier